| 000 | 01262nam a2200229Ia 4500 | ||
|---|---|---|---|
| 003 | Ost | ||
| 005 | 20260507075258.0 | ||
| 008 | 260507s9999||||xx |||||||||||||| ||und|| | ||
| 020 | _a9497004977 | ||
| 040 | _cfsecg | ||
| 041 | _aara | ||
| 082 | _a330 | ||
| 100 |
_aسلامة، أحمد عبد الكريم _eمؤلف |
||
| 245 | 0 |
_aالتحكيم في المعاملات المالية الداخلية و الدولية المدنية و التجارية و الادارية و الجمركية و الضريبية : _bدراسة مقارنة / _c أحمد عبد الكريم سلامة |
|
| 260 |
_aالقاهرة: _bدار النهضة العربية, _c2006 |
||
| 300 |
_a601 صفحة؛ _c25 سم |
||
| 520 | _aماهية التحكيم و ضرورته و الاهتمام به ماهية اتفاق التحكيم و القانون واجب التطبيق على اتفاق التحكيم و نطاق القانون واجب التطبيق على اتفاق التحكيم ، القانون واجب التطبيق على اجراءات التحكيم و تشكيل هيئة التحكيم ، إجراءات خصومة التحكيم . | ||
| 653 | _aالإقتصاد | ||
| 653 | _aالتحكيم | ||
| 653 | _aالقانون | ||
| 942 | _cكتاب | ||
| 999 |
_c43768 _d43768 |
||